00463nam a22001457a 450000500170000000800410001702000170005804100250007508200150010010000470011524500540016226000560021630000200027265000250029220231206083818.0231206b |||||||| |||| 00| 0 eng d a040901995 X  aEnglish / Afrikaans  a346.6 CLO  aCilliers, HS et al. lEnglish / Afrikaans  aClose Corporations Service / cHS Cilliers et al. aDurban : bButterworth Publishers (Pty) Ltd, c1990 bxxiv, c26 cm.  aLegal practice bLaw